Get the Picture: National Parks - Canada or US? Quiz Stats

 Plays Quiz Updated Jul 23, 2019

Score 0/16 Timer 04:00
0 Plays Today
Question Answer Wrong Answers
Yellowstone US
94.4%
Canada
2.8%
Ukkusiksalik Canada
91.8%
US
5.6%
Great Smoky Mountains US
91.2%
Canada
6%
Banff Canada
90.5%
US
6.8%
Gros Morne Canada
90.2%
US
7%
Zion US
87.2%
Canada
10%
Shenandoah US
86.1%
Canada
11.5%
Mammoth Cave US
85.1%
Canada
12.1%
Yoho Canada
80.8%
US
16.4%
Riding Mountain Canada
70.2%
US
27.1%
Thousand Islands Canada
64.1%
US
33.2%
Biscayne US
63.5%
Canada
33.9%
Jasper Canada
61.2%
US
36.1%
Black Canyon Of The Gunnison US
50.6%
Canada
46.9%
Pacific Rim Canada
40.7%
US
56.7%
Gates of the Arctic US
26.1%
Canada
71.2%

Today's Daily Dose

You're not logged in!

Compare scores with friends on all Sporcle quizzes.
OR
Log In

Sporcle TV

Today on Sporcle TV


Watch our educational content, quiz creation guides, and fun videos on Sporcle TV.

Show Comments

Extras

Top Quizzes Today


Score Distribution

Your Account Isn't Verified!

In order to create a playlist on Sporcle, you need to verify the email address you used during registration. Go to your Sporcle Settings to finish the process.

Report this User

Report this user for behavior that violates our Community Guidelines.

Details: